00826cam a22002651 4500001001300000003000400013005001700017008004100034010001700075035001900092040004300111042001200154043002100166045000900187050001400196100003100210245008000241260005000321300003600371490006200407490004500469650001700514650001200531999001700543s 13000053 DLC20260227111910.0780314s1860 dcua f000 0 eng c as 13000053  a(OCoLC)3716948 aSmithsonian Inst. LibrarycNGenoUdDLC apremarc ae------an------ aw3w300aQ11b.S681 aLoomis, Elias,d1811-1889.10aOn certain storms in Europe and America,bDecember, 1836.cBy Elias Loomis. a[Washington,bSmithsonian Institution,c1860] a1 p. l., 26 p.bcharts.c33 cm.0 aSmithsonian contributions to knowledge. [vol. XI, art. 8]0 aSmithsonian Institution publication 127. 0aMeteorology. 0aStorms. c52624d52624